| 000 | 00672nam a22001937a 4500 | ||
|---|---|---|---|
| 999 |
_c168253 _d168253 |
||
| 005 | 20191001120656.0 | ||
| 010 | _aENG-126583 | ||
| 020 |
_a9788178443102 _c895.00 |
||
| 035 | _aEN-110115 | ||
| 037 | _bDBAD/PUB | ||
| 082 | _a305.4095 | ||
| 100 | _aPal, Chaitali | ||
| 245 |
_aGender sieve : _bwomen work, culture and urban spaces in contemporary India / _cby Chaitali Pal |
||
| 260 |
_aNew Delhi _bK.K. Pubications _c2018 |
||
| 270 |
_a4806/24, Bharat Ram Road _bDarya Ganj, New Delhi _e110002 _k011-23285167, 65185557 _minfo@kkpublications.com |
||
| 300 |
_axviii;270p. _c22cm(Hb) |
||
| 500 | _aIncludes references | ||
| 942 |
_2ddc _cEN _h305.409 _mPAl |
||